Normal view
MARC view
- Ghousia Hafeez Ahsan Ali Daud Abdullah Khan
Entry Personal Name
001 - CONTROL NUMBER
- control field: 85577
003 - CONTROL NUMBER IDENTIFIER
- control field: NUST
005 - DATE AND TIME OF LATEST TRANSACTION
- control field: 20211203114215.0
008 - FIXED-LENGTH DATA ELEMENTS
- fixed length control field: 211203|| aca||aabn | a|a d
040 ## - CATALOGING SOURCE
- Original cataloging agency: NUST
- Transcribing agency: NUST
100 ## - HEADING--PERSONAL NAME
- Personal name: Ghousia Hafeez Ahsan Ali Daud Abdullah Khan
670 ## - SOURCE DATA FOUND
- Source citation: Work cat.: (NUST): Ghousia Hafeez Ahsan Ali Daud Abdullah Khan , PR-SOF-2038-Development of Steering and Braking Mechanism for Shell Eco Marathon Autonomous Vehicle, 2021.
